000 01244nam a2200241Ia 4500
003 Ost
005 20260416102354.0
008 260416s9999||||xx |||||||||||||| ||und||
040 _cfsecg
041 _aara
082 _a657.45
100 _aمشيد، محمد
_eمؤلف
245 0 _aمعايير المراجعة الدولية /
_c محمد مشيد
260 _aالجزائر
_bجامعة الجزائر3: كلية العلوم الإقتصادية، العلوم التجارية وعلوم التسيير
_c2019
300 _a119 ورقة
_bايضاحات
_c30 سم
504 _aمراجع ص.118
520 _aالتدقيق: مدخل عام، المعيار الدولي لرقابة الجودة، المسؤوليات، تقييم الخطر و الاستجابة في الاخطاء، أدلة التدقيق، الاستفادة من عمل الاخرين، نتائج و تقارير التدقيق، مجالات متخصصة.
653 _aالمحاسبة
653 _aالمعايير
653 _aمراجعة الحسابات
710 _aجامعة الجزائر3: كلية العلوم الإقتصادية، العلوم التجارية وعلوم التسيير
_eناشر علمي
942 _cHANDOUT
999 _c41141
_d41141